<?xml version="1.0" encoding="UTF-8"?>
<collection xmlns:xsi="http://www.w3.org/2001/XMLSchema-instance" xsi:schemaLocation="http://www.loc.gov/MARC21/slim http://www.loc.gov/standards/marcxml/schema/MARC21slim.xsd" xmlns="http://www.loc.gov/MARC21/slim">
 <record>
  <leader>00000caa a22000003a 4500</leader>
  <controlfield tag="001">UP-8027390931312519911</controlfield>
  <controlfield tag="003">Buklod</controlfield>
  <controlfield tag="005">20200616133817.0</controlfield>
  <controlfield tag="006">o--- |     ||   ||</controlfield>
  <controlfield tag="007">ta</controlfield>
  <controlfield tag="008">200616s        xx     d     r    |||| u|</controlfield>
  <datafield tag="022" ind1=" " ind2=" ">
   <subfield code="a">0033-2909</subfield>
  </datafield>
  <datafield tag="035" ind1=" " ind2=" ">
   <subfield code="a">(iLib)UPCEB-00011920425</subfield>
  </datafield>
  <datafield tag="040" ind1=" " ind2=" ">
   <subfield code="a">Edz</subfield>
  </datafield>
  <datafield tag="100" ind1="1" ind2=" ">
   <subfield code="a">Ellis, Bruce J.</subfield>
  </datafield>
  <datafield tag="245" ind1="0" ind2="4">
   <subfield code="a">Timing of Pubertal  Maturation in Girls</subfield>
   <subfield code="b">An Integrated Life History Approach.  (Articles ).</subfield>
  </datafield>
  <datafield tag="300" ind1=" " ind2=" ">
   <subfield code="a">pp. 920-958.</subfield>
  </datafield>
  <datafield tag="520" ind1=" " ind2=" ">
   <subfield code="a">Life history theory provides a metatheoretical framework for the study of pubertal timing from an evolutionary -developmental perspective. The current article reviews 5 middle-level theories-energetics  theory, stress -suppression theory, psychosocial acceleration theory, paternal investment theory, and child development theory-each of which applies the basic assumptions of life history theory to the question of environmental influences on timing of puberty in girls. these theories converge in their conceptualization of pubertal timing as responsive to ecological conditions but diverge in their conceptualization of (a) the nature extent and direction of environmental influences, and (b) the effects of pubertal timing on other reproductive variables . Competing hypothesis derived from the 5 perspective are evaluated. An extention of W. T. Boyce B. J. Ellis's (in press) theory of stress on timing of pubertal development. This review highlights the multiciplity of (often unrecognized) perspective guiding research, raises challenges to virtually all of these, and presents an  alternative framework in an effort to move research forward in this arena of multidisciplinary inquiry.  -- (from the author)</subfield>
  </datafield>
  <datafield tag="773" ind1="0" ind2=" ">
   <subfield code="a">Psychological Bulletin.</subfield>
   <subfield code="g">vol. 130, 6 (2004).</subfield>
  </datafield>
  <datafield tag="942" ind1=" " ind2=" ">
   <subfield code="a">Analytics</subfield>
  </datafield>
 </record>
</collection>
